000 00396nam a22001697a 4500
005 20180327120805.0
008 160621b xxu||||| |||| 00| 0 eng d
020 _a81-86299-75-0
041 _aeng
082 _b8801
_a338.7
100 _aUpadhyay, Saroj
_92384
245 _aBusiness Environment
260 _bAsian Books Pvt. Ltd
300 _a366
650 _aManagement
_9241
942 _cBK
999 _c3432
_d3431